<?xml version="1.0" encoding="UTF-8"?>
<record
    xmlns:xsi="http://www.w3.org/2001/XMLSchema-instance"
    xsi:schemaLocation="http://www.loc.gov/MARC21/slim http://www.loc.gov/standards/marcxml/schema/MARC21slim.xsd"
    xmlns="http://www.loc.gov/MARC21/slim">

  <leader>03929nam a2200325Ia 4500</leader>
  <controlfield tag="001">ebr10075419</controlfield>
  <controlfield tag="003">CaPaEBR</controlfield>
  <controlfield tag="006">m        u        </controlfield>
  <controlfield tag="007">cr cn|||||||||</controlfield>
  <controlfield tag="008">050120s2004    sz a    sb   i100 0 eng d</controlfield>
  <datafield tag="020" ind1=" " ind2=" ">
    <subfield code="z">9241209240</subfield>
  </datafield>
  <datafield tag="040" ind1=" " ind2=" ">
    <subfield code="a">CaPaEBR</subfield>
    <subfield code="c">CaPaEBR</subfield>
  </datafield>
  <datafield tag="035" ind1=" " ind2=" ">
    <subfield code="a">(OCoLC)559332398</subfield>
  </datafield>
  <datafield tag="050" ind1="1" ind2="4">
    <subfield code="a">RA8</subfield>
    <subfield code="b">.A25 no. 924 2004eb</subfield>
  </datafield>
  <datafield tag="110" ind1="2" ind2=" ">
    <subfield code="a">WHO Expert Committee on Biological Standardization.</subfield>
    <subfield code="b">Meeting</subfield>
    <subfield code="n">(52nd :</subfield>
    <subfield code="d">2001 :</subfield>
    <subfield code="c">Geneva, Switzerland)</subfield>
  </datafield>
  <datafield tag="245" ind1="1" ind2="0">
    <subfield code="a">WHO Expert Committee on Biological Standardization</subfield>
    <subfield code="h">[electronic resource] :</subfield>
    <subfield code="b">fifty-second report.</subfield>
  </datafield>
  <datafield tag="260" ind1=" " ind2=" ">
    <subfield code="a">Geneva :</subfield>
    <subfield code="b">World Health Organization,</subfield>
    <subfield code="c">2004.</subfield>
  </datafield>
  <datafield tag="300" ind1=" " ind2=" ">
    <subfield code="a">vii, 232 p. :</subfield>
    <subfield code="b">ill.</subfield>
  </datafield>
  <datafield tag="490" ind1="1" ind2=" ">
    <subfield code="a">WHO technical report series,</subfield>
    <subfield code="x">0512-3054 ;</subfield>
    <subfield code="v">924</subfield>
  </datafield>
  <datafield tag="500" ind1=" " ind2=" ">
    <subfield code="a">"The WHO Expert Committee on Biological Standardization met in Geneva from 26 to 30 November 2001"--Introd.</subfield>
  </datafield>
  <datafield tag="504" ind1=" " ind2=" ">
    <subfield code="a">Includes bibliographical references.</subfield>
  </datafield>
  <datafield tag="505" ind1="0" ind2=" ">
    <subfield code="a">505 0 Introduction -- General. Developments in biological standardization. Bioterrorism. International nonproprietary names for biotechnology-derived medicinal products -- International guidelines, recommendations, and other matters related to the manufacture and quality control of biologicals. Guidelines on clinical evaluation of vaccines: regulatory expectations. Group C meningococcal conjugate vaccines. Inactivated oral cholera vaccines. Guidelines on viral inactivation and removal procedures intended to assure the viral safety of human blood plasma products. Pneumococcal conjugate vaccines. Potency assays for diphtheria and tetanus vaccines. Pertussis vaccines. Preventive human immunodeficiency virus vaccines. Cell substrate safety. Cell banks. Yellow fever. Poliomyelitis vaccine, oral. Transmissible spongiform encephalitis and the safety of biologicals. Antivenoms. Gene therapy. Discontinuation requirements -- International reference materials. Biological substances: international standards and reference reagents. International biological standards for in vitro diagnostic procedures. International reference materials for the diagnosis and study of transmissible spongiform encephalitis -- Antibodies. Human antibody against human platelet antigen 5b -- Blood products and related substances. International reference panels for the validation of serological and nucleic acid based test for the detection of hepatitis B, hepatitis C and human immunodeficiency virus in blood screening. Factors II, VII, X, plasma. Von Willebrand factor. Streptokinase. Unfractioned heparin and low-molecular-weight heparin -- Cytokines, growth factors and endocrinological substances. Human chorionic gonadotrophin. Ciliary neurotrophic factor. Prolactin and its glycosylated and non-glycosylated components -- Miscellaneous. Pertussis toxin standard -- Annex 1. Guidelines on clinical evaluation of vaccines: regulatory expectations -- Annex 2. Recommendations for the production and control of meningococcal group C conjugate vaccines -- Annex 3. Guidelines for the production and control of inactivated oral cholera vaccines -- Annex 4. Guidelines on viral inactivation and removal procedures intended to assure the viral safety of human blood products -- Annex 5. Biological substances: international standards and reference reagents -- Annex 6. Recommendations and guidelines for biological substances used in medicine and other documents.</subfield>
  </datafield>
  <datafield tag="533" ind1=" " ind2=" ">
    <subfield code="a">Electronic reproduction.</subfield>
    <subfield code="b">Palo Alto, Calif. :</subfield>
    <subfield code="c">ebrary,</subfield>
    <subfield code="d">2009.</subfield>
    <subfield code="n">Available via World Wide Web.</subfield>
    <subfield code="n">Access may be limited to ebrary affiliated libraries.</subfield>
  </datafield>
  <datafield tag="650" ind1=" " ind2="0">
    <subfield code="a">Biological products</subfield>
    <subfield code="x">Standards</subfield>
    <subfield code="v">Congresses.</subfield>
  </datafield>
  <datafield tag="650" ind1=" " ind2="0">
    <subfield code="a">Drugs</subfield>
    <subfield code="x">Standards</subfield>
    <subfield code="v">Congresses.</subfield>
  </datafield>
  <datafield tag="655" ind1=" " ind2="7">
    <subfield code="a">Electronic books.</subfield>
    <subfield code="2">local</subfield>
  </datafield>
  <datafield tag="710" ind1="2" ind2=" ">
    <subfield code="a">ebrary, Inc.</subfield>
  </datafield>
  <datafield tag="830" ind1=" " ind2="0">
    <subfield code="a">Technical report series (World Health Organization) ;</subfield>
    <subfield code="v">924.</subfield>
  </datafield>
  <datafield tag="856" ind1="4" ind2="0">
    <subfield code="u">http://site.ebrary.com/lib/rucke/Doc?id=10075419</subfield>
    <subfield code="z">An electronic book accessible through the World Wide Web; click to view</subfield>
  </datafield>
  <datafield tag="999" ind1=" " ind2=" ">
    <subfield code="c">45628</subfield>
    <subfield code="d">45628</subfield>
  </datafield>
</record>
